[Event "Sharjah Blitz op 27th"]
[Site "Sharjah"]
[Date "2022.04.08"]
[Round "8"]
[White "Nawaf Ali, Al Mansoori"]
[Black "Mohamed, Saeed Laily"]
[Result "0-1"]
[WhiteElo "1269"]
[BlackElo "2030"]
[PlyCount "62"]
[EventDate "2022.04.08"]
[EventType "swiss (blitz)"]
[EventRounds "9"]
[EventCountry "UAE"]
[SourceTitle "CBM 207 Extra"]
[Source "ChessBase"]
[SourceDate "2022.05.31"]
[SourceVersion "1"]
[SourceVersionDate "2022.05.31"]
[SourceQuality "1"]

1. d4 d5 2. Nf3 Bf5 3. c4 e6 4. Nc3 Nc6 5. Bf4 Nf6 6. e3 Bd6 7. Bxd6 Qxd6 8. c5 Qd8 9. Be2 0-0 10. 0-0 Qe7 11. a3 a5 12. Nh4 Bg6 13. Nxg6 hxg6 14. h3 Rfd8 15. Qc2 e5 16. Rfd1 exd4 17. exd4 Nh5 18. Qd3 Nf4 19. Qd2 Qf6 20. Nb5 Re8 21. Bf3 Re7 22. Re1 Rae8 23. Rxe7 Rxe7 24. Re1 Nxh3+ 25. gxh3 Qxf3 26. Rxe7 Nxe7 27. Nxc7 Nf5 28. Qc3 Qd1+ 29. Kg2 Nh4+ 30. Kg3 g5 31. Nxd5 Qg1# 0-1